Forward returns to the game. (Record no. 92115)
[ view plain ]
| 000 -LEADER | |
|---|---|
| fixed length control field | 00384nam a2200145Ia 4500 |
| 008 - FIXED-LENGTH DATA ELEMENTS--GENERAL INFORMATION | |
| fixed length control field | 210210b1983 xxu||||| |||| 00| 0 eng d |
| 082 ## - DEWEY DECIMAL CLASSIFICATION NUMBER | |
| Classification number | 617.1027 MIRF |
| 100 ## - MAIN ENTRY--PERSONAL NAME | |
| Personal name | MIRONOVA (Zoya). |
| 245 ## - TITLE STATEMENT | |
| Title | Forward returns to the game. |
| 260 ## - PUBLICATION, DISTRIBUTION, ETC. | |
| Place of publication, distribution, etc. | Moscow. |
| Name of publisher, distributor, etc. | Raduga Publishers, |
| Date of publication, distribution, etc. | 1983 |
| 300 ## - PHYSICAL DESCRIPTION | |
| Extent | 365 |
| 650 ## - SUBJECT ADDED ENTRY--TOPICAL TERM | |
| Topical term or geographic name entry element | Sport Medicines<br/><br/> |
| 690 ## - LOCAL SUBJECT ADDED ENTRY--TOPICAL TERM (OCLC, RLIN) | |
| Topical term or geographic name as entry element | Athletic & Outdoor Sports |
| 906 ## - LOCAL DATA ELEMENT F, LDF (RLIN) | |
| a | 042517 |
| Withdrawn status | Lost status | Damaged status | Not for loan | Collection code | Home library | Current library | Shelving location | Date acquired | Cost, normal purchase price | Total Checkouts | Full call number | Barcode | Date last seen | Price effective from | Koha item type |
|---|---|---|---|---|---|---|---|---|---|---|---|---|---|---|---|
| St Aloysius Library | St Aloysius Library | 02/17/2021 | 6.00 | 617.1027 MIRF | 042517 | 02/17/2021 | 02/17/2021 | Book |